| 000 | 00642nam a2200181 a 4500 | ||
|---|---|---|---|
| 001 | 000022130 | ||
| 005 | 20200930011608.0 | ||
| 008 | 100917s1994 sp 000 0 spa d | ||
| 020 | _a8470396994 | ||
| 100 | 1 |
_aParavicino y Arteaga, Hortensio Félix, _cFray, _d(1580-1633) _945830 |
|
| 245 | 1 | 0 |
_aSermones cortesanos. / _cFray Hortensio Paravicino ; edición, introducción y notas de Francis Cerdan. |
| 260 |
_aMadrid, España : _bEditorial Castalia, _c1994. |
||
| 300 |
_a333 p. ; _c22 cm. |
||
| 490 | 1 |
_aClásicos madrileños _v6 |
|
| 700 | 1 |
_aCerdan, Francis, _eed. _945831 |
|
| 830 | 0 |
_aClásicos madrileños _v6 _945832 |
|
| 999 |
_c21628 _d21628 |
||
| 040 | _aDO-SdBNP | ||